| 000 | 00535nam a22001937a 4500 | ||
|---|---|---|---|
| 001 | 13404 | ||
| 005 | 20251101102127.0 | ||
| 008 | 251101b |||||||| |||| 00| 0 eng d | ||
| 020 | _a9789970180409 | ||
| 040 | _aBSULIS | ||
| 082 |
_222 _a657.45 _bKYA |
||
| 100 |
_aKyabarongo, Benon. _926041 |
||
| 245 |
_aAuditing and investigation/ _cBenon Kyabarongo |
||
| 250 | _a1st ed. | ||
| 260 |
_aMbarara [Uganda]: _bBishop Stuart University Press, _c2017. |
||
| 300 |
_aviii, 118P.: _bill; _c20 cm. |
||
| 650 | _2Auditing | ||
| 942 |
_2ddc _cBK |
||
| 999 |
_c13404 _d13404 |
||